Gibraltar ante las armas, la diplomacia y la política (Record no. 187110)

MARC details
000 -LEADER
campo de control de longitud fija 00737nam a2200205 i 4500
001 - NÚMERO DE CONTROL
campo de control 187110
003 - IDENTIFICADOR DE NÚMERO DE CONTROL
campo de control SpMaBN
005 - FECHA Y HORA DE LA ÚLTIMA TRANSACCIÓN
campo de control 20230906222823.0
008 - DATOS DE LONGITUD FIJA--INFORMACIÓN GENERAL
campo de control de longitud fija 170418s1952 sp f |||| | spa d
080 ## - NÚMERO DE LA CLASIFICACIÓN DECIMAL UNIVERSAL
Número de la Clasificación Decimal Universal 94(468.2)
100 1# - ENTRADA PRINCIPAL--NOMBRE DE PERSONA
Nombre de persona Luna, José Carlos de.
9 (RLIN) 74755
245 10 - MENCIÓN DEL TÍTULO
Título Gibraltar ante las armas, la diplomacia y la política
Resto del título : trasunto compendiado de la "Historia de Gibraltar" del mismo autor /
Mención de responsabilidad, etc. José Carlos de Luna.
260 ## - PUBLICACIÓN, DISTRIBUCIÓN, ETC.
Lugar de publicación, distribución, etc. Madrid :
Nombre del editor, distribuidor, etc. Publicaciones Españolas,
Fecha de publicación, distribución, etc. 1952.
300 ## - DESCRIPCIÓN FÍSICA
Extensión 63, [16] p. de lám. ;
Dimensiones 22 cm.
490 1# - MENCIÓN DE SERIE
Mención de serie Temas de España ante el mundo
651 #7 - PUNTO DE ACCESO ADICIONAL DE MATERIA--NOMBRE GEOGRÁFICO
Nombre geográfico Gibraltar-
Subdivisión general Historia.
9 (RLIN) 8744
830 0# - PUNTO DE ACCESO ADICIONAL DE SERIE-TÍTULO UNIFORME
Título uniforme Temas de España ante el mundo
9 (RLIN) 192740
852 ## - LOCALIZACIÓN
Ubicación ES-MaACL
Número de control de estantería L-31432
Holdings
Estatus retirado Estado de pérdida Estado de daño No para préstamo Biblioteca de origen Biblioteca actual Ubicación en estantería Fecha de adquisición Fuente de adquisición Total de préstamos Signatura topográfica completa Código de barras Visto por última vez Precio de reemplazo Tipo de ítem Koha
        Biblioteca del Ateneo de Madrid Biblioteca del Ateneo de Madrid Depósito 2 18/04/2017     L-31432 1197401 23/02/2023 23/02/2023 Libro impreso